Statystyki dla CO ROBIMY NOCĄ?

Kliknij tutaj aby rozwiązać quiz!

Ogólne statystyki

  • Ten quiz został rozwiązany 579 razy
  • Średni wynik to 2 z 7

Statystyki odpowiedzi

Odpowiedzi% Poprawnych
ŚPIMY
100%
JEMY
51%
PIJEMY
42%
IMPREZUJEMY
32%
OGLĄDAMY TELEWIZJĘ
17%
WSPÓŁŻYJEMY
5%
KORZYSTAMY Z KOMPUTERA
2%

Rozkład punktacji

Percentyl według liczby udzielonych odpowiedzi

Procent ludzi z każdym wynikiem

Twoja historia wyników

Nie rozwiązałeś tego quizu